00941njm a2200265Ia 4500001000600000003000900006005001700015008004100032040001300073040001300086041001200099100001200111100001800123100003700141245001100178250001100189260000800200260006900208300001700277500006200294505012600356650006200482700007500544700005600619B7135IT-RoPAU20220918181149.0131025s9999 xx 000 0 und d aIT-RoPAU cIT-RoPAU aINGLESE aPrince  eAutore musica gCodice autore musica SPICS: 2331 aBatman a1a ed. aUSA bWARNER BROS RECORDSc1989 [1a Ed.:1989 - Ed. Lingua Orig.: 1989] aCOMPACT DISC aColonna sonora originale del film omonimo. Musica da film aThe Future - Electric Chair - The Arms of Orion - Partyman - Vicki Waiting - Trust - Lemon Crush - Scandalous - Batdance. aCOLONNA SONORA [COMPACT DISC]eCodice MATERIA SPICS: 9949 aPrince eAutore testo e musicagCodice autore testo/musica SPICS: 2331 aPrince gCodice interprete SPICS: 2331eInterprete